000 00883namaa22002171 4500
001 173866
003 ES-MaACL
005 20230906215355.0
007 t|
008 100127s1861 sp |r |||| | spa d
040 _aSpMaBN
_bspa
_cA2
_dSpMaBN
_erdc
080 _a78.089.1
100 0 _aCamprodón, Francisco.
_934301
245 1 3 _aUn pleito
_b: zarzuela en un acto /
_cde D. Francisco Camprodón ; puesta en música por D. Joaquín Gaztambide.
250 _a2ª ed.
260 _aMadrid :
_b[s.n.],
_c1861 (
_fImp. de José Rodríguez)
300 _a32 p. ;
_c20 cm.
500 _aSolo la letra.
700 0 _aGaztambide, Joaquín.
_956168
852 _aES-MaACL
_jF-8623(3)
_z.- Enc. pasta española
_q.- Falto de la cub. original
_z.- Enc. en un vol. facticio formando parte de la col. facticia "Teatro español moderno", vol. 78
_z.- Firma ms. de Gustavo Saenz Diez, 1877
999 _c173866
_d173866